La escuela de negocios : (Registro nro. 11330)

Detalles MARC
000 -LIDER
fixed length control field 01248nam a22003497a 4500
001 - NÚMERO DE CONTROL
Identificador de número de control 000475
003 - IDENTIFICACDOR DE NÚMERO DE CONTROL
control field DO-SdBNP
005 - DATE AND TIME OF LATEST TRANSACTION
control field 20171109100809.0
007 - CAMPOS FIJOS DE DESCRIPCIÓN FÍSICA
fixed length control field 000475
008 - ELEMENTOS DE LONGITUD FIJA
fixed length control field 160906b 2006 mx ||||| |||| 00| 0 spa d
020 ## - ISBN
International Standard Book Number 9707702230
040 ## - FUENTE DE CATALOGACIÓN
Agencia que crea de manera original el registro BPMSU
Idioma de catalogación spa
Agencia que realiza la transcripción BPMSU
082 #4 - NÚMERO DE CLASIFICACIÓN DECIMAL DE DEWEY
Classification number 332.024
Item number K62e
100 1# - ASIENTO PRINCIPAL -- NOMBRE PERSONAL
Nombre personal Kiyosaki, Robert T,
Fechas asociadas con el nombre 1945-
240 10 - TITULO UNIFORME
Título uniforme The business school for people who like helping people.
Idioma de una obra Español.
245 10 - MENCIÓN DE TITULO
Título La escuela de negocios :
Subtítulo para personas que gustan de ayudar a los demas /
Mención de responsabilidad Robert T. Kiyosaki with Sharon L. Lechter ; traducción de María Andrea Giovinne.
260 ## - PUBLICACIÓN, DISTRIBUCIÓN, ETC. (PIE DE IMPRENTA)
Lugar de publicación, distribución, etc México :
Nombre del editor, distribuidor, etc. Aguilar,
Fecha de publicación, distribución, etc 2006.
300 ## - DESCRIPCIÓN FÍSICA
Extensión 218 p. :
Otros detalles físicos il. ;
Dimensiones 23 cm.
490 1# - MENCIÓN DE SERIES
Mención de serie Padre Rico.
500 ## - NOTA GENERAL
Nota general Séptima reimpresión: enero 2008
500 ## - NOTA GENERAL
Nota general Título original : The business school for people who like helping people.
650 #4 - ENCABEZAMIENTO DE MATERIA--TEMÁTICO
Término temático o nombre geográfico como elemento de entrada EXITO EN LOS NEGÓCIOS
650 #4 - ENCABEZAMIENTO DE MATERIA--TEMÁTICO
Término temático o nombre geográfico como elemento de entrada FINANZAS PERSONALES
650 #4 - ENCABEZAMIENTO DE MATERIA--TEMÁTICO
Término temático o nombre geográfico como elemento de entrada EMPRESAS COMERCIALES
Subdivisión temática general FINANZAS
700 12 - ASIENTO SECUNDARIO -- NOMBRE PERSONAL
Nombre personal Lechter, Sharon L.
700 12 - ASIENTO SECUNDARIO -- NOMBRE PERSONAL
Nombre personal Giovinne, María Andrea,
Mención de responsabilidad tr.
830 #0 - ASIENTO SECUNDARIO DE SERIE--TÍTULO UNIFORME
Título uniforme Padre Rico.
910 ## - VALIDACIÓN
Validación Validado. Control de calidad MFF
942 ## - ADDED ENTRY ELEMENTS (KOHA)
Source of classification or shelving scheme Dewey Decimal Classification
Koha item type Libros
945 ## - INFORMACIÓN DE PROCESAMIENTO LOCAL
Información de procesamiento local Inventariado, 2017/MFF
956 ## - LOCAL ELECTRONIC LOCATION AND ACCESS (OCLC)
Método de acceso LOPEREZ
Materiales especificados 10
Enlace 20160906
Campo enlazado y núm. de secuencia BPMSU
Nombre de host 00041
Existencias
Withdrawn status Lost status Source of classification or shelving scheme Damaged status Not for loan Collection code Home library Current library Date acquired Source of acquisition Total Checkouts Full call number Barcode Date last seen Price effective from Koha item type Copy number
    Dewey Decimal Classification     Colección General Biblioteca Pública Metropolitana Salomé Ureña Biblioteca Pública Metropolitana Salomé Ureña 09/06/2016 Alfaguara   332.024 K62e BPMSU16090188 09/06/2016 09/06/2016 Libros  
    Dewey Decimal Classification     Colección General Biblioteca Pública Metropolitana Salomé Ureña Biblioteca Pública Metropolitana Salomé Ureña 09/06/2016 Alfaguara   332.024 K62e BPMSU16090191 09/06/2016 09/06/2016 Libros e. 2
    Dewey Decimal Classification     Colección General Biblioteca Pública Metropolitana Salomé Ureña Biblioteca Pública Metropolitana Salomé Ureña 09/06/2016 Alfaguara   332.024 K62e BPMSU16090192 09/06/2016 09/06/2016 Libros e. 3